01040cam a22002411 45000010005000000030008000050050017000130080039000300350019000690350019000880400043001070410008001500820021001581000020001792450317001992600048005163000025005644900084005896500025006736500015006988300008007138300077007219956BD-RjUL20211208234854.0140122s1952 enk 000 0 eng a(BD-RjUL)10002 a(OCoLC)1873266 aDLCcFMUdOCoLCdUkdDLCdBD-RjULbeng aeng a658.21bLUC 19521 aLuttrell, W. F.14aThe cost of industrial movement :ba first report on the economics of establishing branch factories /cby W. F. Luttrell who has had the assistance in the preparation of this report of the members of the research group working on the Locaton of industry inquiry: D. A. Cochlin, F. G. Davidson and J. F. Thompson. aCambridge, Eng. :bUniversity Press,c1952. aix, 104 p. ;c24 cm.1 aNational Institute of Economic and Social Research. Ocassional papers.vno. 14. 0aIndustrial location. 0aFactories. 0v14. 0aOccasional papers (National Institute of Economic and Social Research) ;